2000s Songs - Sudden Death - Statistics

General Stats
  • This quiz has been taken 2,728 times
  • The average score is 4 of 15
Answers on the Grid
Answers color-coded by a green-red scale on the quiz's grid according to % correct below.
...Baby One More Time - Britney Spears
2 Become 1 - Spice Girls
Airplanes - B.o.B / Hayley Williams
Bad Day - Daniel Powter
Bailamos - Enrique Iglesias
Barbie Girl - Aqua
Boom Boom Pow - Black Eyed Peas
Boulevard Of Broken Dreams - Green Day
Buttons - The Pussycat Dolls / Snoop Dogg
Call Me Maybe - Carly Rae Jepsen
Clarity - Zedd / Foxes
Complicated - Avril Lavigne
Forget You - CeeLo Green
Gettin' Jiggy Wit It - Will Smith
Hips Don't Lie - Shakira / Wyclef Jean
Ho Hey - The Lumineers
Hollaback Girl - Gwen Stefani
I Don't Want To Miss A Thing - Aerosmith
I Want It That Way - Backstreet Boys
Iris - Goo Goo Dolls
Killing Me Softly - Fugees
Like a G6 - Far East Movement / The Cataracs / Dev
Livin' la Vida Loca - Ricky Martin
Lose Yourself - Eminem
Low - Flo Rida / T-Pain
My Heart Will Go On - Celine Dion
My Name Is - Eminem
No Diggity - Blackstreet / Dr. Dre
No Scrubs - TLC
Paradise - Coldplay
Rehab - Amy Winehouse
See You Again - Wiz Khalifa / Charlie Puth
Snow (Hey Oh) - Red Hot Chili Peppers
So Sick - Ne-Yo
Stay - Rihanna / Mikky Ekko
Still Into You - Paramore
Super Bass - Nicki Minaj
This Love - Maroon 5
Toxic - Britney Spears
Truly Madly Deeply - Savage Garden
Try - P!nk
Umbrella - Rihanna / Jay-Z
Wake Me Up - Avicii
When I Was Your Man - Bruno Mars
You're Still The One - Shania Twain
 
Answer Stats
Answer % Correct
Boom Boom Pow - Black Eyed Peas
55%
Bad Day - Daniel Powter
53%
Boulevard Of Broken Dreams - Green Day
42%
Complicated - Avril Lavigne
40%
Hips Don't Lie - Shakira / Wyclef Jean
29%
Buttons - The Pussycat Dolls / Snoop Dogg
27%
Hollaback Girl - Gwen Stefani
21%
Lose Yourself - Eminem
21%
Umbrella - Rihanna / Jay-Z
16%
Low - Flo Rida / T-Pain
15%
Toxic - Britney Spears
15%
Rehab - Amy Winehouse
14%
This Love - Maroon 5
11%
So Sick - Ne-Yo
6%
Snow (Hey Oh) - Red Hot Chili Peppers
5%
No matching quizzes found
Score Distribution
Percent of People with Each Score
Percentile by Number Answered
Your Score History
You have not taken this quiz